000 00660nam a22001811cc4500
001 a987691577+Band1
035 _aa987691577
008 190315s2018 gw |||| 000u ger d
020 _a9783835332683
_9978-3-8353-3268-3
245 0 0 _aAktion 1005 - Spurenbeseitigung von NS-Massenverbrechen 1942 - 1945
_nBand 1
264 _aGöttingen :
_bWallstein Verlag,
_c2018
300 _a647 Seiten
246 1 2 _aAktion 1005 - Spurenbeseitigung von NS-Massenverbrechen 1942 - 1945 : eine "geheime Reichssache" im Spannungsfeld von Kriegswende und Propaganda
_nBand 1
773 0 8 _wa987691577
_qBand1
942 _cMG
040 _cRU-10907106
003 RU-10907106
999 _c52777
_d52777